Business alliances guide : The hidden competitive weapon

保存先:
書誌詳細
第一著者: Lynch, Robert Porter
フォーマット: 図書
言語:Undetermined
出版事項: New York John Wiley and Sons 1993
主題:
タグ: タグ追加
タグなし, このレコードへの初めてのタグを付けませんか!
Thư viện lưu trữ: Trung tâm Học liệu Trường Đại học Cần Thơ
LEADER 00567nam a2200205Ia 4500
001 CTU_99215
008 210402s9999 xx 000 0 und d
082 |a 338.7 
082 |b L987 
100 |a Lynch, Robert Porter 
245 0 |a Business alliances guide : 
245 4 |b The hidden competitive weapon 
245 0 |c Robert Porter Lynch 
260 |a New York 
260 |b John Wiley and Sons 
260 |c 1993 
650 |a Joint ventures 
650 |x Handbooks, manuals 
904 |i Truc, Q. Hieu 
980 |a Trung tâm Học liệu Trường Đại học Cần Thơ